Štúdium na Ekonomickej univerzite v školskom roku 1995/96 Denné i diaľkové, inžinierske i bakalárske formy štúdia
Študijné odbory, špecializácie a subšpecializácie, druhy a formy štúdia na Ekonomickej univerzite v Bratislave v školskom roku 1995/96. Podmienky prihlasovania a prijímacích skúšok.
Salvato in:
| Autore principale: | |
|---|---|
| Natura: | Capitolo di libro |
| Lingua: | slovacco |
| Soggetti: | |
| Tags: |
Nessun Tag, puoi essere il primo ad aggiungerne!!
|
MARC
| LEADER | 00000naa a2200000 4500 | ||
|---|---|---|---|
| 001 | r017214 | ||
| 005 | 20221213100616.2 | ||
| 041 | 0 | |a slo | |
| 044 | |a SK | ||
| 245 | 1 | 0 | |a Štúdium na Ekonomickej univerzite v školskom roku 1995/96 |b Denné i diaľkové, inžinierske i bakalárske formy štúdia |c Ivan Polakovič |
| 520 | |a Študijné odbory, špecializácie a subšpecializácie, druhy a formy štúdia na Ekonomickej univerzite v Bratislave v školskom roku 1995/96. Podmienky prihlasovania a prijímacích skúšok. | ||
| 610 | 2 | 0 | |a štúdium vysokoškolské |
| 610 | 2 | 0 | |a 1995-1996 |
| 610 | 2 | 0 | |a Ekonomická univerzita v Bratislave |
| 610 | 2 | 0 | |a odbory študijné |
| 100 | 1 | |a Polakovič, Ivan | |